|
|
|
|
| LEADER |
01415nab#a2200361#ar4500 |
| 001 |
000077613 |
| 003 |
SVKKK |
| 005 |
19970402xxxxxxx. |
| 008 |
06 c xo huno |
| FMT |
|
|
|
| 038 |
|
|
|a SVKKK
|
| 040 |
|
|
|a SVKKK
|b slo
|e AACR2
|
| 041 |
0 |
|
|a hun
|
| 044 |
|
|
|a xo
|c SK
|
| 080 |
|
|
|a 282(Abov):271(prem)
|
| 242 |
1 |
0 |
|a Nátafalussy zomrel
|
| 245 |
0 |
0 |
|a Nátafalussy meghalt
|
| 500 |
|
|
|a [Dr 77]
|
| 520 |
2 |
|
|a Krátka správa o úmrtí Kornela (Kornéla) Nátafalussyho, veľprepošta jasovského premonštrátskeho rádu a hlavného inšpektora v Oradei. Bol riaditeľom gymnázia v Rožňave aj v Košiciach, od roku 1892 hlavným inšpektorom a od roku 1900 jasovským veľprepoštom.
|
| 600 |
1 |
4 |
|a Nátafalussy, Kornel,
|d 1841-1907,
|x veľprepošt jasovský, riaditeľ gymnaziálny, inšpektor hlavný školský
|z Leles - pôvod - Košice - Rožňava - Jasov - pôsobenie
|
| 650 |
0 |
4 |
|a Nátafalussy, Kornel (veľprepošt premonštrátsky, 1841-1907) - Leles (TV) - pôvod - Košice - Rožňava - Jasov (KS) - pôsobenie - Oradea (RO) - úmrtie - 23.04 - -
|
| 773 |
0 |
|
|t Abauj-Kassai Közlöny : Kassai egyesült ellenzék pártlapja
|g Roč. 36, č. 48 (26.04.1907) s. 2
|
| 957 |
|
|
|a Jasov
|
| 957 |
|
|
|a Košice
|
| 957 |
|
|
|a Leles
|
| 957 |
|
|
|a Rožňava
|
| 958 |
|
|
|a CI
|
| 958 |
|
|
|a DG
|
| 958 |
|
|
|a SK
|
| 974 |
|
|
|a ebl
|d 19970402
|
| 992 |
|
|
|a RBX
|
| BAS |
|
|
|
| 998 |
|
|
|a RETRO
|